000 00770nam a22002175i 4500
001 166071
003 ES-MaACL
005 20250828061028.0
008 990801s1877 sp |||| | spa d
100 1 _aTartilan, Sofía.
_9109355
245 1 0 _aPáginas para la educación popular /
_cSofia Tartilan.
260 _aMadrid :
_b[s.n.],
_c1877 (
_fImp. de Enrique Vicente)
300 _a271 p. ;
_c19 cm.
530 _aDisponible en formato digital.
650 7 _aEducación popular
_2embne
_912118
700 1 _aVicente, Enrique
_c(imp.)
_9133670
752 _aEspaña -
_dMadrid
852 _aES-MaACL
_jG-10498
_z- Enc. hol.
856 _uhttp://bdh-rd.bne.es/viewer.vm?id=0000247257&page=1
_zBiblioteca Digital Hispánica
999 _c166071
_d166071